Quizzes
Events
Quiz Creation
Community
Videos
Private Events
Remove Ads
Sign In
Join for FREE
Feedback
Dark Mode
Quiz Categories
Sports
Geography
Music
Movies
Television
Just For Fun
Miscellaneous
History
Literature
Language
Science
Gaming
Entertainment
Religion
Holiday
For Kids
Quiz Lab
Recent
Popular Today
Quiz Kudos Today
Editor Picks
Curator Picks
Quizzes by...
Day
Popularity
Type
Ratings
Length
Year
Community
Subscriptions
Recent Discussions
Orange Saloon
Badges
Playlists
Quests
Create
Leaderboards
Showdown
Live 5
Trivia Bingo
Activity
Puzzle Library
Sporcle Events
Private Events
Virtual Trivia
Globe League
Become a Host
Pub Owners
SporcleCon
Opinionation
Our Games
Videos
Blog
Mobile Apps
Partnerships
Remove Ads and Go Orange
Feedback
Sports
Athletes
MLB
NBA
NHL
NFL
Soccer
Sports Teams
WWE
NCAA
Football
Premier League
Basketball
Baseball
Hockey
Golf
Tennis
Cricket
Rugby
Auto Racing
Olympics
World Cup
Sports
Athletes
MLB
NBA
NHL
NFL
Soccer
Sports Teams
WWE
NCAA
Football
Premier League
Basketball
Baseball
Hockey
Golf
Tennis
Cricket
Rugby
Auto Racing
Olympics
World Cup
Random Quiz
Search Sporcle
×
Quiz Lab
Quiz Lab
Sports
Basketball
Type in answers that appear in a list
Type in answers that appear in a list
Classic
Best Score? Go Orange.
Greatest Player by Uniform Number Stats
Can you name the Greatest Player by Uniform Number according to Sports Illustrated?
By
aws2594
10m
101 Questions
177 Plays
177 Plays
177 Plays
Comments
Comments
Give Quiz Kudos
Give Quiz Kudos
-
- Ratings
hide this ad
More Info
Forced Order
Answers have to be entered in order
Answers have to be entered in order
Replay
Link that replays current quiz
Next Quiz
Link to next quiz in quiz playlist
You Got
0%
They Got
Avg Score
11%
Avg Friend Score
Upgrade to see
Score Distribution
Jump to the score distribution portion of the page
Score
0/101
Timer
10:00
0
Plays Today
Number
Sport
% Correct
3
Babe Ruth
60.5%
23
Michael Jordan
59.9%
99
Wayne Gretzky
46.3%
5
Joe DiMaggio
37.3%
80
Jerry Rice
37.3%
12
Tom Brady
36.2%
18
Peyton Manning
33.9%
16
Joe Montana
32.8%
4
Bobby Orr
31.1%
7
John Elway
31.1%
32
Magic Johnson
29.4%
00
Jim Otto
28.8%
20
Barry Sanders
27.7%
34
Walter Payton
27.7%
42
Jackie Robinson
27.1%
9
Ted Williams
26.6%
33
Kareem Abdul-Jabbar
26%
19
Johnny Unitas
25.4%
24
Willie Mays
24.3%
6
Bill Russell
23.2%
22
Emmitt Smith
22.6%
66
Mario Lemieux
22%
56
Lawrence Taylor
21.5%
51
Dick Butkus
19.8%
13
Wilt Chamberlain
19.2%
44
Hank Aaron
19.2%
1
Warren Moon
16.9%
8
Cal Ripken Jr.
16.4%
25
Barry Bonds*
15.8%
68
Jarmoir Jagr
15.8%
92
Reggie White
15.8%
0
Gilbert Arenas
14.7%
15
Bart Starr
14.7%
52
Ray Lewis
14.7%
Number
Sport
% Correct
21
Roberto Clemente
12.4%
14
Pete Rose
11.3%
58
Jack Lambert
11.3%
28
Marshall Faulk
10.7%
40
Gale Sayers
9.6%
11
Mark Messier
8.5%
31
Greg Maddux
8.5%
10
Pele
7.9%
81
Tim Brown
7.3%
17
John Havlicek
6.8%
41
Tom Seaver
6.2%
43
Richard Pettty
5.6%
59
Jack Ham
5.6%
75
Deacon Jones
5.6%
27
Juan Marichal
4.5%
48
Jimmie Johnson
4.5%
50
David Robinson
4.5%
78
Anthony Munoz
4.5%
88
Alan Page
4.5%
91
Sergei Fedorov
4%
2
Secretariat
3.4%
30
Nolan Ryan
3.4%
39
Roy Campanella
3.4%
45
Pedro Martinez
3.4%
53
Don Drysdale
3.4%
73
John Hannah
3.4%
74
Merlin Olsen
3.4%
26
Rod Woodson
2.8%
35
Phil Niekro
2.8%
38
Curt Schilling
2.8%
72
Carlton Fisk
2.8%
84
Shannon Sharpe
2.8%
89
Mike Ditka
2.8%
95
Richard Dent
2.8%
Number
Sport
% Correct
49
Ron Guidry
2.3%
54
Randy White
2.3%
57
Dwight Stephenson
2.3%
64
Jerry Kramer
2.3%
36
Robin Roberts
1.7%
47
Mel Blount
1.7%
63
Willie Lanier
1.7%
77
Red Grange
1.7%
83
Ted Hendricks
1.7%
85
Jack Youngblood
1.7%
93
Doug Gilmour
1.7%
37
Doak Walker
1.1%
67
Reggie McKenzie
1.1%
71
Alex Karras
1.1%
82
Raymond Berry
1.1%
87
Dwight Clark
1.1%
90
Neil Smith
1.1%
98
Tom Harmon
1.1%
46
Lee Smith
0.6%
60
Otto Graham
0.6%
62
Jim Langer
0.6%
69
Tim Krumrie
0.6%
86
Buck Buchanan
0.6%
96
Cortez Kennedy
0.6%
97
Simeon Rice
0.6%
29
Satchel Paige
0%
55
Orel Hershieser
0%
61
Curley Culp
0%
65
Elvin Bethea
0%
70
Sam Huff
0%
76
Lou Groza
0%
79
Harvey Martin
0%
94
Charles Haley
0%
Quiz Playlist
Details
Report
Send in Message
Add To Playlist
More Info:
Game based entirely on Sports Illustrated list. THIS IS NOT MY LIST
Classic:
Type in answers that appear in a list
Forced Order:
Answers have to be entered in order
Quiz Source
Last Updated: Feb 16, 2017
Quiz Scoreboard
CHALLENGE
Sign Up to Join the Scoreboard
Show All
Scores
Hide
Comments
May contain spoilers
Recently Published
NBA Finals Game Top Scorers (2010s)
by flibbidy
Sports
5m
Guess the 'R' Things in 3 Words
by MSUKent
Miscellaneous
3m
Actor to Badly Drawn Movie III
by MoMosMoProblems
Movies
5m
More to Explore
Quiz From the Vault
Featured Blog Post
Where Does Lost Luggage Go?
hide this ad
You Might Also Like...
Tags
Baseball Quiz
Basketball Quiz
MLB Quiz
NBA Quiz
NFL Quiz
NHL Quiz
Numbers Quiz
Hall of Fame
Horse Racing
Retired
Sports Illustrated
Today's Top Quizzes in Sports
Browse Sports
hide this ad
Today's Top Quizzes in Basketball
Browse Basketball
Top Contributed Quizzes in Sports
1
Les joueurs à 100 buts en Ligue 1 Uber Eats
2
2022 World Cup Stars
3
2024 March Madness Bracket
4
Millionaire: NBA Finals Edition
5
Players with Multiple 50 Home Run Seasons
6
Criteria MLB: Left Handed Sluggers
7
Nickname Match: Athletes VI
8
Iconic Moments in Football - Multiple Choice
9
NFL MVPs ordered
10
NBA Championships Per City
Explore More
Trending Topics
Disney
NBA
Anime
Harry Potter
Marvel
Crossword
Kpop
Pokémon
Soccer
Puzzle
WWE
Song
Country
NFL
The Office
hide this ad
More By:
aws2594
Quiz
Plays
Rating
Category
Featured
Created
Defunct NHL Team Uniforms
436
4.40
Sports
Aug 19, 2011
College Hockey Players in the NHL
226
3.50
Sports
Dec 12, 2012
NHL Uniforms
187
1.00
Sports
Jan 2, 2011
Greatest Player by Uniform Number
177
Sports
Sep 25, 2011
Thanksgiving Day Games
133
Sports
Feb 4, 2012
Go to Creator's Profile
Score Distribution
Quiz Creator Spotlight
aws2594
Follow
Send a Message
Quizzes Created
-
Created Quiz Play Count
-
More By This Creator
Popular Quizzes Today
1
Find the US States - No Outlines Minefield
2
Find the US States
3
The Countries of the World
4
10 Largest US States in Order
5
Find the Countries of Europe - No Outlines Minefield
6
US States
7
Guess the 'R' Things in 3 Words
8
NBA Finals Game Top Scorers (2010s)
More Sports Quizzes
ten Hag's Winning XI's against the 'Top 6'
Quiz Lab
Trending Quizzes
First Name TV: Leading Men
First Name TV: Leading Women Drama
Match the Book to the Film II
Pick A Pair: Religious TV
Match the Book to the Film VI
Recently Updated
Women's Final Four Teams by Year
bhenderson79
Presidents Quartet II
eogle
Anything But Clue(do)
eogle
Anything But Oceanian Capitals
eogle
Anything But 7
eogle
Anything But Thing
eogle
Word Ladder: February 29
pecheneg
Song Title Questions
pecheneg
Women's NCAA Tournament #1 Seeds
pecheneg
Celebrity Mug Shots
pecheneg
Trending Topics
Crossword
Harry Potter
Anime
Disney
NBA
Kpop
Marvel
Puzzle
WWE
The Office
Soccer
Song
Country
Pokémon
NFL
Your Account Isn't Verified!
In order to create a playlist on Sporcle, you need to verify the email address you used during registration. Go to your
Sporcle Settings
to finish the process.
Report this User
Report this user for behavior that violates our
Community Guidelines
.
Details:
Send Report
Go to the Sporcle.com Mobile Site →
Comments